000 01370cam a22003617a 4500
003 CHAP
005 20220329142755.0
008 030828d2003 mx r 00110 spa d
010 _a87619
011 _a88591
035 _a99136
040 _cCHAP
090 _aTesis
100 0 0 _aMiranda Moreno, Andrés Gelacio.
_976095
245 1 0 _aInfluencia de los parámetros edáficos en el establecimiento y distribución de la vegetación en el municipio de Santiago Chazumba, Mixteca Alta Oaxaqueña
_c/por Andrés Gelacio Miranda Moreno
260 _aLos Reyes Iztacala, Méx. :
_bEl autor,
_c2003.
300 _a92 h. :
_bilus.
502 _aTesis (Biólogo) -- UNAM. Facultad de Estudios Superiores Iztacala
590 _aALEPH
_b10
_c20130110
_lUCH01
_h1455
590 _aBATCH-UPD
_b10
_c20130110
_lUCH01
_h0547
590 _aBATCH-UPD
_b10
_c20130410
_lUCH01
_h0228
590 _aBATCH-UPD
_b10
_c20130914
_lUCH01
_h0737
590 _aCONVERSION
_b10
_c20130109
_lUCH01
_h1349
650 1 4 _aBotánica
_zOaxaca.
_914644
650 1 4 _aRecursos naturales
_xAprovechamiento
_zOaxaca.
_995201
650 1 4 _aRecursos naturales
_xConservación
_xOaxaca.
_995245
650 1 4 _aSuelos
_xDegradación.
_9110336
650 1 4 _aSuelos
_xOaxaca.
_9110454
901 _aBK
905 _aAlejandra Carrasco M.
942 _cTESIS
949 _aTesis
_bBC
_cTES
_d991361
_eTS1
_h41313
_i99136
_sb
999 _c87619
_d87619